000 01753cam a2200229 4500500
005 20260111092552.0
041 _afre
042 _adc
100 1 0 _aCarrière, Jean-Marie
_eauthor
245 0 0 _aUne loi qu'on ne peut saisir ?
260 _c2014.
500 _a30
520 _aLa Loi de Moïse entretient un rapport marqué avec l’écriture, dans la tradition biblique comme dans les cultures environnantes. Dans l’Évangile de Jean, la loi nouvelle du Christ apparaît aussi liée à l’écriture, comme en témoigne l’épisode de la femme adultère en Jn 8 ; cependant, comme une écriture dont le contenu n’est pas saisissable. Serait-ce là un caractère de la loi nouvelle du Christ ? Il convient d’examiner les passages relatifs au commandement nouveau aux chapitres 13 et 15, pour pouvoir interpréter théologiquement ce fait.
520 _aThe Law of Moses maintains a pronounced relationship with scripture, in the biblical tradition as in the surrounding cultures. In the Gospel of John, the new law of Christ also appears to be tied to scripture, as the episode of the woman taken in adultery in John 8 attests; however, as a scripture whose content cannot be grasped. Would this be a characteristic of the new law of Christ? It is advisable to examine the passages relating to the new commandment in chapters 13 and 15 in order to be able to interpret this fact theologically.
690 _aachèvement
690 _aamour
690 _aécriture
690 _aÉvangile de Jean
690 _aloi
786 0 _nNouvelle revue théologique | 136 | 4 | 2014-10-01 | p. 529-546 | 0029-4845
856 4 1 _uhttps://shs.cairn.info/revue-nouvelle-revue-theologique-2014-4-page-529?lang=fr&redirect-ssocas=7080
999 _c1623879
_d1623879